00494nam a2200133Ia 45000010005000000080041000052450064000462600030001103000035001405200111001755460020002866500046003066510008003526530260427s9999 xx 000 0 und d 0aAllan Sekula: Photography at Work/ cText: Marie Muracciole bBeirut Art Center; c2017 a40p; c30x22cme20 page insert aExhibition catalog. 28 June- 29 September 2017 @ Beirut Art Center. Curator and Editor: Marie Muracciole.  aEnglish; Arabic aTR624-835 Technology- Applied Photography aUSA